000 01415nam a2200181 a 4500
005 20260216122231.0
008 260206s2026##################000#0#eng##
020 _a9781403968555
_qhbk
041 _aeng
082 0 4 _a306.09470904
_bMCC
100 _aMcCaffray S.
245 1 0 _aRussia in the European Context, 1789–1914: A Member of the Family
_c/S. McCaffray, M. Melancon
260 _bPalgrave Macmillan
_c2005
300 _a238p,;
_c20 cm.
504 _aindex
520 _aThis volume surveys Nineteenth-century Russian society and economy and finds that Russian institutions, practices and ideas fit the general European pattern for that period of rapid change. Even apparently distinctive Russian features deepen our understanding of 'Europeaness'. In the Nineteenth-century there were still many different ways to be European, and excessive generalization based on the experiences of one or two countries obscures the great diversity that still characterized European civilization. Moreover, these essays bring to light several points at which Russian legislation and thinking provided models and examples for others to follow. The authors focus on key elements of how Russians envisaged and constructed their economy and society. This is an important contribution that increases understanding of Russian history at a time when Russia's relationship with the 'West' is again debated.
942 _cREF
999 _c610748
_d610748